000
00201 a2200097 4500
001
587
100
_a
Jon
245
_a
High speed wing theory
260
_a
_b
Princeton University
_c
090
_c
188
_d
188
942
_a
NUST-CAE
_c
M
_c
9779
999
_c
235660
_d
235660